Sledovanie vplyvu liečiva kolchicín na cieľové bioanalyty pomocou sieťotlačených elektród modifikovaných nanočasticami

Guardado en:
Detalles Bibliográficos
Autor principal: Medveďová, Natália (Autor)
Otros Autores: Blaškovičová, Jana (Orientador)
Formato: Manuscrito Libro
Lenguaje:eslovaco
Publicado: 2024
Materias:
Acceso en línea:http://is.stuba.sk/zp/portal_zp.pl?podrobnosti=176584
Etiquetas: Agregar Etiqueta
Sin Etiquetas, Sea el primero en etiquetar este registro!

MARC

LEADER 00000ntm a22000003a 4500
001 stuzp99405
003 SK-STU
005 20240601210730.1
007 ta
008 150427s2015----xo-----f-mn---000-0-slo-d
040 |a STU  |b slo 
041 0 |a slo 
100 1 |a Medveďová, Natália  |u 041000  |4 aut  |U FCHPT Fakulta chemickej a potravinárskej technológie  |T FCHPT Ústav analytickej chémie  |X 105216  |U C1000  |Y 99  |7 105216 
242 0 1 |a Monitoring the influence of the drug colchicine on target bioanalytes using nanoparticle-modified screen-printed electrodes  |y eng 
245 1 0 |a Sledovanie vplyvu liečiva kolchicín na cieľové bioanalyty pomocou sieťotlačených elektród modifikovaných nanočasticami 
260 |c 2024 
650 4 |a elektrochemické metódy  |2 slo 
650 4 |a kolchicín  |2 slo 
650 4 |a kyselina močová  |2 slo 
650 4 |a nanomateriály  |2 slo 
650 4 |a sieťotlačená elektróda  |2 slo 
650 4 |a colchicine  |2 eng 
650 4 |a electrochemical methods  |2 eng 
650 4 |a nanomaterials  |2 eng 
650 4 |a screen-printed electrode  |2 eng 
650 4 |a uric acid  |2 eng 
700 1 |a Blaškovičová, Jana  |u 041180  |k Z1  |4 ths  |U FCHPT Ústav analytickej chémie  |T FCHPT Oddelenie analytickej chémie  |X 66699  |U C1180  |Y 108  |7 A0000066699 
856 4 |u http://is.stuba.sk/zp/portal_zp.pl?podrobnosti=176584